1369 1998 1646 1969 1540 1466 1766 1646 1508 1673 1658 1910 1854 1991 1955 1098 1477 1603 1846 1361 1407 1366 1518 1514 1121 1525 1159 1498 1272 1617 1758 1550 1810 1357 1724 1040 1546 1303 1419 1089 1003 1320 1049 1176 1307 1548 1508 1299 1251 1973 1375 1106 1420 1986 1226 1380 1690 1392 1519 1059 1361 1892 1706 1186 1849 1932 1172 1145 1447 1432 1205 1902 1513 1633 1863 1860 1300 1093 1943 1963 1438 1015 1932 1203 1291 1051 1448 1391 1247 1995 1717 1334 1605 1022 1707 1338 1879 1756 1514 BCNSPRNW ULIB Ver.6.0+V

เปลี่ยนเป็นภาษาไทย

Change to English
 แสดงรายละเอียดบรรณานุกรม
  กลับหน้าหลัก

Brief Record : Get Marc (ISO 2709) : E-mail record : QR code < ปิดหน้าต่าง
LEADER : 00000nam 2200000uu 4500
001    13399121741
003     ULIB
008    121204s2549||||th 000 0 tha d
020    ^a9748137511
020    9789748137511
060 04 ^aWC534^bช424C
245 00 ^aCommunication skills...สื่อสารอย่างมีประสิทธิภาพเรื่อง ไข้เลือดออก /^cบรรณาธิการ, ชิษณุ พันธุ์เจริญ, อุษา ทิสยากร
246 30 ^aสื่อสารอย่างมีประสิทธิภาพเรื่อง ไข้เลือดออก
246 30 ^aไข้เลือดออก
250    ^aพิมพ์ครั้งที่ 1
260    ^aกรุงเทพฯ :^bสมาคมกุมารแพทย์แห่งประเทศไทย,^c2549
300    ^a51 หน้า ;^c21 ซม.
650  7 ^aการสื่อสารทางการแพทย์
650  7 ^aไข้เลือดออก
700 0  ^aชิษณุ พันธุ์เจริญ,^eบรรณาธิการ
700 0  ^aอุษา ทิสยากร,^eบรรณาธิการ
710 2  ^aสมาคมกุมารแพทย์แห่งประเทศไทย
945    ^p90^l0^i24843
995    ^aทศพร
999    ^aทศพร
รายการนี้ยังไม่มีแท็ก
คุณยังไม่ได้ล็อกอิน คุณสามารถมีกิจกรรมร่วมกับเว็บไซต์ได้ แต่ต้องล็อกอินก่อน ::
  ล็อกอิน

รายการสื่อสารสนเทศ

ลำดับที่ ประเภท เลขเรียก/บาร์โค้ด สถานที่ สถานะ
1. วิทยาศาสตร์การแพทย์ และสุขภาพ
วิทยาศาสตร์การแพทย์ และสุขภาพ
WC534 ช424C ฉ.1 
  Barcode: 24843
ห้องสมุดวิทยาเขตสวรรค์ประชารักษ์
►หนังสือทั่วไป
บนชั้น

รายการใกล้เคียง
    หัวเรื่อง [การสื่อสารทางการแพทย์]
    หัวเรื่อง [ไข้เลือดออก]

BibComment


ยังไม่เคยถูกคอมเมนท์

คอมเมนท์ทรัพยากรรายการนี้
  คอมเมนท์: Communication sk..


 Copyright 2026. Bcnsprnw @Library